000 01443naa a2200265 i 4500
001 BPP
003 BPK
005 20150223112055.0
008 150220s1984 pl f |100 0 pol
040 _cBPK
080 _a691
100 _aMARCINKOWSKI, Stefan.
_d1969 - 1992.
_bWyższa Szkoła Inżynierska w Koszalinie - Wydział Inżynierii Lądowej i Sanitarnej,
_cZakład Podstaw Budownictwa i Technologii Materiałów Budowlanych
245 _aPrzyczynek do badań cech reologicznych piaskobetonów (badania własne skurczu i pełzania) /
_cStefan Marcinkowski, Lesław Macieik, Henryk Dondelewski.
260 _c1984.
500 _aDane z kartoteki bpp.
650 0 _aMateriały budowlane.
650 0 _aBeton.
650 0 _aPiasek.
655 0 _aMateriały konferencyjne.
700 _aMACIEIK, Lesław.
_d1973 - 1996.
_bWyższa Szkoła Inżynierska w Koszalinie - Instytut Budownictwa Lądowego,
_cZakład Podstaw Budownictwa i Technologii Materiałów Budowlanych
700 _aDONDELEWSKI, Henryk.
_d1973 - 1996.
_bWyższa Szkoła Inżynierska w Koszalinie - Instytut Budownictwa Lądowego,
_cZakład Podstaw Budownictwa i Technologii Materiałów Budowlanych
711 _aSympozjum : Nowe materiały budowlane w Polsce
_n(2 ;
_d1984.06.04-05 ;
_cWarszawa, Polska).
773 _iW :
_tNowe materiały budowlane w Polsce : II Sympozjum. -
_dWarszawa : SITPMP, 1984. -
_gs. 1-9
942 _cART
_2UKD
999 _c6884
_d6884